| 000 | nam a22 7a 4500 | ||
|---|---|---|---|
| 999 |
_c30159 _d30158 |
||
| 003 | OSt | ||
| 005 | 20171117103922.0 | ||
| 008 | 1719780738069104117b xxu||||| |||| 00| 0 eng d | ||
| 040 |
_aMMU _beng _cMMU _dMMU |
||
| 050 | _aQH317.B56 2015 | ||
| 245 | _aBiology | ||
| 260 |
_aOntario: _bHaydenMcneil, _c2015. |
||
| 300 | _aviii,130p.; | ||
| 650 | _abiology | ||
| 942 |
_2lcc _cLOAN LOAN |
||